Statystyki dla Chivas-XO(odgadnij cały tekst)

Kliknij tutaj aby rozwiązać quiz!

Ogólne statystyki

  • Ten quiz został rozwiązany 334 razy
  • Średni wynik to 252 z 329

Statystyki odpowiedzi

Odpowiedź% Poprawnych
z
94%
jest
93%
o
93%
w
93%
xo
93%
bo
92%
i
92%
ja
92%
nie
92%
Nie
92%
się
92%
po
91%
a
90%
krew
90%
no
90%
kurwy
89%
rekiny
89%
to
89%
bądź
88%
czują
88%
jestem
88%
smutny
88%
też
88%
ty
88%
za
88%
łez
87%
głupcy
86%
u
86%
wstydzili
86%
chcą
85%
jak
85%
odpuścić
85%
85%
siemanko
85%
sześć
85%
tylko
85%
dwie
84%
dzień
84%
zaczaiły
84%
bez
83%
cześć
83%
drugi
83%
jeden
83%
ok
83%
snu
83%
wcale
83%
depresją
82%
tak
82%
na
81%
pięć
81%
szóstce
81%
że
81%
mnie
79%
pół
78%
pewne
77%
post
77%
usłyszysz
77%
wstawię
77%
drut
76%
kolczasty
76%
łamię
75%
serduszko
75%
słowa
75%
słyszę
74%
mix
73%
śmiech
73%
niemiłe
72%
do
70%
jej
70%
byłem
66%
ale
65%
kolorowej
63%
myślałem
63%
ci
62%
dobre
62%
gorące
62%
uśmiech
62%
sztuczny
61%
baśni
60%
charakterem
60%
czarnym
60%
czuję
60%
dni
60%
głupcem
60%
nich
60%
napisałaś
59%
zawsze
59%
będe
58%
ekran
58%
pojebało
58%
wiele
58%
chce
57%
co
57%
czasem
57%
drugiej
57%
gdzie
57%
głowie
57%
jebać
57%
jedna
57%
krzywd
57%
łezka
57%
sercu
57%
smutnych
57%
sobie
57%
spada
57%
wybaczyłem
57%
bardzo
56%
bawić
56%
kłódce
56%
lód
56%
mały
56%
nami
56%
okej
56%
pająkami
56%
siebie
56%
skrzywdziłem
56%
chodź
55%
ciebie
55%
drip
55%
komarom
55%
miał
55%
młody
55%
najbardziej
55%
nigdy
55%
wpadam
55%
wszystko
55%
zakazy
55%
czary
54%
czemu
54%
góry
54%
jakbym
54%
nogami
54%
rzeź
54%
wiesz
54%
wyrządziłem
54%
fair
53%
iść
53%
mało
53%
mamy
53%
moknie
53%
myślę
53%
prowadzą
53%
przez
53%
świat
53%
szkole
53%
życiu
53%
beksa
52%
cały
52%
kiedyś
52%
topnie
52%
podobne
51%
trochę
51%
mówią
50%
często
49%
głowami
49%
morzu
49%
nad
49%
tonę
49%
pozdrowień
47%
spóźnionych
46%

Rozkład punktacji

Percentyl według liczby udzielonych odpowiedzi

Procent ludzi z każdym wynikiem

Twoja historia wyników

Nie rozwiązałeś tego quizu